[Event "RSA-chB"]
[Site "Cape Town"]
[Date "2019.12.12"]
[Round "6"]
[White "Lynch, Justin"]
[Black "Nkosi, Dumisa Jacob"]
[Result "1-0"]
[WhiteElo "1837"]
[BlackElo "1762"]
[PlyCount "55"]
[EventDate "2019.12.07"]
[EventType "swiss"]
[EventRounds "11"]
[EventCountry "RSA"]
[SourceTitle "CBM 193 Extra"]
[Source "ChessBase"]
[SourceDate "2020.01.31"]
[SourceVersion "1"]
[SourceVersionDate "2020.01.31"]
[SourceQuality "1"]

1. Nf3 b5 2. d4 Bb7 3. Bf4 Nf6 4. e3 a6 5. Bd3 g6 6. Nbd2 Bg7 7. Qe2 d6 8. 0-0 Nbd7 9. c4 bxc4 10. Nxc4 c5 11. Rfe1 0-0 12. Bg3 Nh5 13. Bh4 Re8 14. Nxd6 Bxf3 15. Qxf3 Rf8 16. Nf5 Bf6 17. Bxf6 Nhxf6 18. Ng3 Qb6 19. dxc5 Nxc5 20. Bc4 Qxb2 21. e4 Qe5 22. Rac1 e6 23. Bf1 a5 24. Rxc5 Qxc5 25. Qxf6 a4 26. e5 Ra5 27. Re3 a3 28. Nh5 1-0

[Event "Boksburg Inter Region-ch"]
[Site "Boksburg"]
[Date "2016.12.22"]
[Round "5.1"]
[White "Nkosi, Dumisa Jacob"]
[Black "Meintjies, Jacques J"]
[Result "0-1"]
[WhiteElo "1755"]
[BlackElo "1919"]
[PlyCount "84"]
[EventDate "2016.12.20"]
[EventType "team-swiss"]
[EventRounds "7"]
[EventCountry "RSA"]
[SourceTitle "CBM 176 Extra"]
[Source "ChessBase"]
[SourceDate "2017.03.02"]
[SourceVersion "1"]
[SourceVersionDate "2017.03.02"]
[SourceQuality "1"]
[WhiteTeam "Johannesburg Metro III"]
[BlackTeam "Rebels"]
[WhiteTeamCountry "RSA"]
[BlackTeamCountry "RSA"]

1. Nf3 f5 2. b3 d6 3. d4 Nf6 4. c4 g6 5. Nc3 Bg7 6. Qc2 0-0 7. e4 Nc6 8. a3 fxe4 9. Nxe4 Bf5 10. Nxf6+ Bxf6 11. Qc3 e5 12. Be3 Bg4 13. dxe5 Nxe5 14. Nxe5 Bxe5 15. Bd4 Bxd4 16. Qxd4 Qe7+ 17. Kd2 Qg5+ 18. Kc3 c5 19. Qd5+ Qxd5 20. cxd5 Rxf2 21. Re1 Bf5 22. Re2 Rxe2 23. Bxe2 Re8 24. Bc4 a6 25. a4 a5 26. Rf1 Kg7 27. Kd2 h5 28. h3 Re4 29. Rf2 Kf6 30. Rf3 Ke5 31. Rf1 h4 32. Rf3 Rd4+ 33. Ke2 b6 34. g4 hxg3 35. Rxg3 Rh4 36. Re3+ Re4 37. h4 Kd4 38. Rxe4+ Bxe4 39. Kf2 Bxd5 40. Bxd5 Kxd5 41. Kg3 Ke5 42. Kg4 Kf6 0-1

[Event "Boksburg Inter Region-ch"]
[Site "Boksburg"]
[Date "2016.12.20"]
[Round "2.1"]
[White "Mwale, Joseph"]
[Black "Nkosi, Dumisa Jacob"]
[Result "1-0"]
[WhiteElo "2120"]
[BlackElo "1755"]
[PlyCount "85"]
[EventDate "2016.12.20"]
[EventType "team-swiss"]
[EventRounds "7"]
[EventCountry "RSA"]
[SourceTitle "CBM 176 Extra"]
[Source "ChessBase"]
[SourceDate "2017.03.02"]
[SourceVersion "1"]
[SourceVersionDate "2017.03.02"]
[SourceQuality "1"]
[WhiteTeam "Ethekwini"]
[BlackTeam "Johannesburg Metro III"]
[WhiteTeamCountry "RSA"]
[BlackTeamCountry "RSA"]

1. Nf3 Nf6 2. g3 g6 3. b4 Bg7 4. Bb2 d6 5. c4 0-0 6. Bg2 Nbd7 7. 0-0 c5 8. bxc5 Nxc5 9. d4 Qb6 10. Bc3 Nce4 11. Qb3 Nxc3 12. Nxc3 Qa5 13. e4 Rb8 14. Rfe1 Qh5 15. e5 Ne8 16. Nd5 Bh3 17. Nf4 Qh6 18. Nxh3 dxe5 19. Nxe5 Bxe5 20. Rxe5 e6 21. d5 exd5 22. cxd5 Nd6 23. Rae1 a5 24. Nf4 b5 25. Re7 Rfd8 26. Qc3 a4 27. Qc6 g5 28. Nd3 Qf6 29. Rd7 Rxd7 30. Qxd7 Rc8 31. Qe7 Qh6 32. Ne5 Re8 33. Qd7 Qf6 34. f4 gxf4 35. gxf4 b4 36. Rf1 Ra8 37. Qg4+ Kh8 38. Qg5 Qg7 39. Qxg7+ Kxg7 40. Rb1 Rb8 41. Nc6 Re8 42. Rxb4 a3 43. Rb3 1-0

[Event "RSA-chT Regions"]
[Site "Cape Town"]
[Date "2016.01.09"]
[Round "3.1"]
[White "Makhubela, Linda"]
[Black "Nkosi, Dumisa Jacob"]
[Result "1-0"]
[WhiteElo "1586"]
[BlackElo "1775"]
[PlyCount "51"]
[EventDate "2016.01.08"]
[EventType "team-swiss"]
[EventRounds "7"]
[EventCountry "RSA"]
[SourceTitle "CBM 170 Extra"]
[Source "ChessBase"]
[SourceDate "2016.02.25"]
[SourceVersion "1"]
[SourceVersionDate "2016.02.25"]
[SourceQuality "1"]
[WhiteTeam "Johannesburg Metro II"]
[BlackTeam "Ehlanzeni"]
[WhiteTeamCountry "RSA"]
[BlackTeamCountry "RSA"]

1. e4 d5 2. e5 c5 3. c3 Nc6 4. d4 Qb6 5. Nf3 Bg4 6. Be2 Bxf3 7. Bxf3 cxd4 8. Bxd5 dxc3 9. e6 fxe6 10. Bxc6+ Qxc6 11. Nxc3 Qxg2 12. Rf1 Nf6 13. Qe2 Ng4 14. Bf4 Nxh2 15. Qb5+ Kf7 16. Qh5+ g6 17. Qxh2 Qxh2 18. Bxh2 Rc8 19. 0-0-0 Bg7 20. Kc2 b5 21. Kb3 a6 22. Rfe1 Rhd8 23. Be5 Bxe5 24. Rxe5 Kf6 25. Re3 e5 26. Rd5 1-0

[Event "RSA-chT Regions"]
[Site "Cape Town"]
[Date "2016.01.08"]
[Round "1.1"]
[White "Cawdery, Daniel"]
[Black "Nkosi, Dumisa Jacob"]
[Result "1-0"]
[WhiteElo "2413"]
[BlackElo "1775"]
[PlyCount "57"]
[EventDate "2016.01.08"]
[EventType "team-swiss"]
[EventRounds "7"]
[EventCountry "RSA"]
[SourceTitle "CBM 170 Extra"]
[Source "ChessBase"]
[SourceDate "2016.02.25"]
[SourceVersion "1"]
[SourceVersionDate "2016.02.25"]
[SourceQuality "1"]
[WhiteTeam "Tshwane"]
[BlackTeam "Ehlanzeni"]
[WhiteTeamCountry "RSA"]
[BlackTeamCountry "RSA"]

1. e4 d5 2. exd5 Qxd5 3. Nc3 Qa5 4. d4 c6 5. Nf3 Bg4 6. h3 Bh5 7. g4 Bg6 8. Ne5 Nf6 9. Nc4 Qc7 10. Qf3 Qd8 11. Bf4 Bxc2 12. Qe2 Bg6 13. Nd6+ Kd7 14. Nxb7 Qb6 15. Na4 Qb4+ 16. Bd2 Qxd4 17. Bc3 Qf4 18. Rd1+ Nd5 19. Nbc5+ Ke8 20. Rxd5 e6 21. Rd4 Qc7 22. Rb4 Bd6 23. Rb7 Qc8 24. Bxg7 Rg8 25. Be5 Bxe5 26. Qxe5 Qd8 27. Bc4 Bc2 28. 0-0 Bxa4 29. Nxe6 1-0